2018 World Cup Groups - Statistics

General Stats
  • This quiz has been taken 14 times
  • The average score is 30 of 32
Answer Stats
Hint Answer % Correct
Group D Argentina
100%
Group G Belgium
100%
Group E Brazil
100%
Group G England
100%
Group C France
100%
Group F Germany
100%
Group F Mexico
100%
Group D Nigeria
100%
Group G Panama
100%
Group B Portugal
100%
Group A Russia
100%
Group B Spain
100%
Group F Sweden
100%
Group C Australia
92%
Group H Colombia
92%
Group D Croatia
92%
Group A Egypt
92%
Group B Iran
92%
Group H Japan
92%
Group C Peru
92%
Group E Serbia
92%
Group F South Korea
92%
Group E Switzerland
92%
Group A Uruguay
92%
Group C Denmark
83%
Group B Morocco
83%
Group H Poland
83%
Group A Saudi Arabia
83%
Group H Senegal
83%
Group G Tunisia
83%
Group E Costa Rica
75%
Group D Iceland
67%
No matching quizzes found
Score Distribution
Percent of People with Each Score
Percentile by Number Answered
Your Score History
You have not taken this quiz